00480nam a2200181Ia 450000500170000000800410001702000250005804000190008304100120010208200200011410000190013424500420015326000240019530000160021965000190023565100340025485000100028820221130152647.0131103s9999 xx 000 0 und d a057108527XcGBP 3.95 aLoreto College aEnglish a821.91bELI-GAR aGardner, Helen 4aThe art of T. S. EliotcHelen Gardner aLondonbFaberc1985 a7,[186] p.  aEnglish Poetry aEliot, T. S. - Critical Study aLCLIB